Medicare and the Budget Process.

Summarizes the treatment of Medicare in the Federal budget and the congressional budget process.

Bibliographic Details
Corporate Authors: Library of Congress. Congressional Research Service, ProQuest (Firm)
Format: eBook
Language:English
Published: [Place of publication not identified] : [publisher not identified], 1995-1996.
Series:U.S. Congressional Research.
Subjects:
Online Access:Connect to the full text of this electronic book

MARC

Tag First Indicator Second Indicator Subfields
LEADER 00000cam a22000001a 4500
001 in00003362921
006 m d f
007 cr bn mmmapmmp
008 100715m19951996dcu o f000 0 eng d
005 20260430153813.6
035 |a cis2007888908 
040 |a ProQuest  |c ProQuest  |d UtOrBLW 
043 |a n-us--- 
099 |a CRS-1995-EPW-0132 
110 2 |a Library of Congress.  |b Congressional Research Service. 
245 1 0 |a Medicare and the Budget Process. 
264 1 |a [Place of publication not identified] :  |b [publisher not identified],  |c 1995-1996. 
300 |a 1 online resource. 
336 |a text  |b txt  |2 rdacontent 
337 |a computer  |b c  |2 rdamedia 
338 |a online resource  |b cr  |2 rdacarrier 
500 |a Record is based on bibliographic data in ProQuest U.S. Congressional Research Digital Collection (last viewed July 2010). Reuse except for individual research requires license from ProQuest, LLC. 
500 |a CRS Report. 
520 |a Summarizes the treatment of Medicare in the Federal budget and the congressional budget process. 
500 |a Electronic resource. 
650 0 |a Budget  |z United States. 
650 0 |a Medicare. 
655 7 |a Electronic books.  |2 local 
710 2 |a ProQuest (Firm) 
776 0 8 |i Microfiche version:   |a Library of Congress. Congressional Research Service.  |t Medicare and the Budget Process 
830 0 |a U.S. Congressional Research. 
856 4 0 |u http://proxy.library.tamu.edu/login?url=https://congressional.proquest.com/congcomp/getdoc?CRDC-ID=CRS-1995-EPW-0132  |z Connect to the full text of this electronic book  |t 0 
999 |a MARS 
999 f f |s f2da2abb-dcf3-312e-b97d-2a4f8585495a  |i 6becf7a9-9a2d-3190-b7c5-42d53d39b722  |t 0 
952 f f |a Texas A&M University  |b College Station  |c Electronic Resources  |s www_evans  |d Available Online  |t 0  |e CRS-1995-EPW-0132  |h Other scheme 
998 f f |a CRS-1995-EPW-0132  |t 0  |l Available Online